Statistics for How Well Do You Know Fifth Harmony?

Click here to take the quiz!

General Stats

  • This quiz has been taken 535 times
  • The average score is 8 of 10

Answer Stats

HintAnswer% Correct
Loves bananasCamila Cabello
100%
obsessed with lana del rayLauren Jauregui
100%
twerks like a queenNormani Kordei Hamilton
99%
"little big sister"Ally Brooke Hernandez
98%
youngest but tallestDinah Jane Hansen
98%
most amazing ship everCamren
91%
what day were they formedJuly 27
72%
Camila's full nameKarla Camila Cabello Estrabao
61%
Lauren's full nameLauren Michelle Jauregui Morgado
53%
What place did fifth harmony place on x factorthird place
42%

Score Distribution

Percentile by Number Answered

Percent of People with Each Score

Your Score History

You have not taken this quiz